书目信息 |
| 题名: |
Excel办公秘技360招
|
|
| 作者: | 汪智 , 杭琳 , 汪智 编著 ;杭琳,,,朱艳秋 编著 | |
| 分册: | ||
| 出版信息: | 北京 中国青年出版社 2013.01 |
|
| 页数: | 283页 | |
| 开本: | 29cm | |
| 丛书名: | ||
| 单 册: | ||
| 中图分类: | TP391.13 | |
| 科图分类: | ||
| 主题词: | 表处理软件 | |
| 电子资源: | ||
| ISBN: | 978-7-89467-395-4 | |
| 000 | 0096800234 00301 | |
| 001 | 0100003156 | |
| 005 | 20140109095232.96 | |
| 010 | @a978-7-89467-395-4@b光盘@d49.80 | |
| 100 | @a20121210d2013 em y0chiy50 ea | |
| 101 | @achi | |
| 102 | @aCN@b110000 | |
| 105 | @aa z 000yy | |
| 106 | @ar | |
| 200 | 10 | @aExcel办公秘技360招@f杭琳, 汪智, 朱艳秋编著@Fhang lin,wang zhi,zhu yan qiu bian zhu |
| 205 | @a2010超值全彩版 | |
| 210 | @a北京@c中国青年出版社@d2013.01 | |
| 215 | @a283页@d29cm@e光盘1片 | |
| 330 | @a本书共分为七章, 主要内容包括: Excel基本操作秘技 ; 数据分析处理秘技 ; 函数操作秘技 ; 图形图表操作秘技等。 | |
| 540 | @aExcel办公秘技360招 | |
| 606 | @a表处理软件 | |
| 690 | @aTP391.13 | |
| 701 | 0 | @a汪智@9wang zhi@4编著 |
| 701 | 0 | @a杭琳@Ahang lin@4编著 |
| 701 | 0 | @a汪智@Awang zhi@4编著 |
| 711 | 1 | @a杭琳,,,朱艳秋@9hang lin ,,, zhu yan qiu@4编著 |
| 801 | @aCN@c20130701 | |
| 901 | @a012 | |
| 905 | @aHSDXLXY@b1097331-3@dTP391.13@eW083 | |
| Excel办公秘技360招/杭琳, 汪智, 朱艳秋编著.-2010超值全彩版.-北京:中国青年出版社,2013.01 |
| 283页;29cm+光盘1片 |
| ISBN 978-7-89467-395-4(光盘):49.80 |
| 本书共分为七章, 主要内容包括: Excel基本操作秘技 ; 数据分析处理秘技 ; 函数操作秘技 ; 图形图表操作秘技等。 |
| ● |
| 相关链接 |
|
|
|
正题名:Excel办公秘技360招
索取号:TP391.13/W083
 
预约/预借
| 序号 | 登录号 | 条形码 | 馆藏地/架位号 | 状态 | 备注 |
| 1 | 1097331 | 210973311 | 自科库301/301自科库 65排1列3层/ [索取号:TP391.13/W083] | 在馆 | |
| 2 | 1097333 | 210973339 | 自科库301/301自科库 65排1列3层/ [索取号:TP391.13/W083] | 在馆 |